00760nai a2200181Ia 4500003000900000008004100009022002200050022002300072040001600095245009400111260008600205310001300291362003200304521006900336650004500405650003500450856009300485IN-BaIIA211028c9999 xx s 000 0 eng d a2168-2771 (Print) a2168-2798 (Online) cIIA Library 0aTransactions of the IRE Professional Group on Reliability and Quality Controlh[eJournal] aNew York, USAbThe Institute of Electrical and Electronics Engineers, Inc. (IEEE) aAnnually aPGQC-4; 1954 - PGQC-4; 1954 bSubscribed through National Knowledge Resource Consortium (NKRC) a Power, Energy and Industry Applications aSignal Processing and Analysis uhttps://ieeexplore.ieee.org/servlet/opac?punumber=5007112yClick Here to Access eJournal